Diagrammy sostajanija metallov s gazami /
Gespeichert in:
| 1. Verfasser: | |
|---|---|
| Format: | Buch |
| Sprache: | Russisch |
| Veröffentlicht: |
Moskva :
Metallurgija,
1975
|
| Schlagworte: | |
| Tags: |
Keine Tags, Fügen Sie das erste Tag hinzu!
|
MARC
| LEADER | 00000nam a22000003a 4500 | ||
|---|---|---|---|
| 001 | stu43390 | ||
| 005 | 20150617225717.1 | ||
| 008 | 940913s1975----xxr-----------------rus-d | ||
| 040 | |a STU |b slo | ||
| 041 | 0 | |a rus | |
| 044 | |a xxr | ||
| 080 | |a 541.12 | ||
| 100 | 1 | |a Levinskij, Jurij V |4 aut | |
| 245 | 1 | |a Diagrammy sostajanija metallov s gazami / |c [aut.]Jurij V. Levinskij | |
| 260 | |a Moskva : |b Metallurgija, |c 1975 | ||
| 300 | |a 292 s | ||
| 650 | 7 | |a Mechanika chemická |2 stusub | |
| 650 | 7 | |a kovy |2 stusub | |
| 996 | |b 284M053495 |c M*8741-1 |l MMKN |s A |a 24 |w stu43390_0001 | ||